000 00725nam a2200217 i 4500
001 129929
003 ES-MaACL
005 20250828113018.0
007 t|
008 070711s1914 sp |||| | spa d
100 1 _aZulueta, Luis de,
_d1878-1964
_9118478
245 1 3 _aEl maestro : conferencia pronunciada en el Ateneo de Madrid /
_cpor Luis de Zulueta.
260 _aMadrid :
_bLa Lectura,
_c[1914]
300 _a40 p. ;
_c18 cm.
490 1 _aCiencia y educación
610 2 4 _aAteneo de Madrid-
_vConferencias-
_y1900-1939
_91907
650 4 _aProfesores de enseñanza primaria.
_9166012
830 0 0 _aCiencia y educación (La Lectura)
_9181469
852 _aES-MaACL
_j1616-F-3
999 _c129929
_d129929